| 000 | 00488nam a22001697a 4500 | ||
|---|---|---|---|
| 005 | 20231115064322.0 | ||
| 008 | 231115b |||||||| |||| 00| 0 eng d | ||
| 020 | _a0409013420 | ||
| 041 | _aEnglish | ||
| 082 | _a344.5 BUR | ||
| 100 |
_aBurns, Y _lEnglish |
||
| 245 |
_aMedia Law / _cY Burns |
||
| 260 |
_aDurban : _bButterworth Publishers (Pty) Ltd, _c1990 |
||
| 300 |
_bxix, 420 pages ; _c25 cm. |
||
| 650 |
_aLegal practice _bLaw |
||
| 942 |
_cBK _6ALISON_BN_VRIES |
||
| 999 |
_c644 _d644 |
||